Statistiques concernant Culture Générale - Série 1884

Cliquez ici pour prendre le quiz!

Statistiques générales

  • Ce quiz a été pris 59 fois
  • Le résultat moyen est 2 sur 10

Statistiques - réponses

QuestionRéponse% Correct
Quelle chanteuse française, prénommée "Jeanne" est née le 2 mars 1957 à Alicante (Espagne) ?Jeanne Mas
69%
Dans le roman de Margaret Mitchell "Autant en emporte le vent", publié en 1936, quel nom porte la demeure de Scarlett O'Hara ?Tara
41%
Quelle espèce d' animal est le "harle" ?oiseau
38%
Dans quel département français se trouve la ville d'Ernée ?Mayenne
24%
Dans quel département français se trouve le massif du Cap Sicié ?Var
19%
Dans quel pays se trouve l'île d'Ellesmere ?Canada
14%
Dans quel pays se trouve le parc animalier du Luangwa Sud ?Zambie
14%
Comment appelle-t-on la panse d'un animal ?rumen
3%
Ce poisson volant appelé "dragon des mers" porte le même nom qu'une constellation - voir photopégase
2%
Le "nemerte" est un ver marin appelé aussi " ver .....ruban
0%

Distribution des résultats

Percentile par nombre de réponses

% des personnes avec chaque résultat

Votre développement - résultats

Vous n’avez pas pris ce quiz